Click Quiz: Main Religion of Every Country - Statistics

General Stats
  • This quiz has been taken 548 times
  • The average score is 136 of 196
Answer Stats
Hint Answer % Correct
Brazil Christianity
84%
Italy Christianity
84%
Spain Christianity
84%
Chile Christianity
83%
Dominican Republic Christianity
83%
El Salvador Christianity
83%
Germany Christianity
83%
Greece Christianity
83%
Peru Christianity
83%
Poland Christianity
83%
San Marino Christianity
83%
Ukraine Christianity
83%
Uruguay Christianity
83%
Argentina Christianity
82%
Belgium Christianity
82%
Bolivia Christianity
82%
Ireland Christianity
82%
Liechtenstein Christianity
82%
Luxembourg Christianity
82%
Nicaragua Christianity
82%
Paraguay Christianity
82%
Saint Kitts and Nevis Christianity
82%
Saint Lucia Christianity
82%
South Africa Christianity
82%
United Kingdom Christianity
82%
Austria Christianity
81%
Barbados Christianity
81%
Bulgaria Christianity
81%
Costa Rica Christianity
81%
Croatia Christianity
81%
Denmark Christianity
81%
Grenada Christianity
81%
Guatemala Christianity
81%
Hungary Christianity
81%
North Macedonia Christianity
81%
Portugal Christianity
81%
Romania Christianity
81%
Serbia Christianity
81%
Slovakia Christianity
81%
Slovenia Christianity
81%
Trinidad and Tobago Christianity
81%
United States Christianity
81%
Vatican City Christianity
81%
Venezuela Christianity
81%
Belarus Christianity
80%
Canada Christianity
80%
Colombia Christianity
80%
Ecuador Christianity
80%
France Christianity
80%
Latvia Christianity
80%
Lithuania Christianity
80%
Mexico Christianity
80%
Norway Christianity
80%
Panama Christianity
80%
Saint Vincent and the Grenadines Christianity
80%
Andorra Christianity
79%
Antigua and Barbuda Christianity
79%
Australia Christianity
79%
Bahamas Christianity
79%
Belize Christianity
79%
Dominica Christianity
79%
Honduras Christianity
79%
Malta Christianity
79%
Moldova Christianity
79%
Montenegro Christianity
79%
Russia Christianity
79%
São Tomé and Príncipe Christianity
79%
Switzerland Christianity
79%
United Arab Emirates Islam
79%
Jamaica Christianity
78%
Marshall Islands Christianity
78%
Iran Islam
78%
Iraq Islam
78%
Saudi Arabia Islam
78%
Yemen Islam
78%
Cuba Christianity
77%
Cyprus Christianity
77%
Finland Christianity
77%
Monaco Christianity
77%
Solomon Islands Christianity
77%
Zambia Christianity
77%
Afghanistan Islam
77%
Qatar Islam
77%
Botswana Christianity
76%
Guyana Christianity
76%
Haiti Christianity
76%
Kenya Christianity
76%
Nauru Christianity
76%
Philippines Christianity
76%
India Hinduism
76%
Syria Islam
76%
Angola Christianity
75%
Cape Verde Christianity
75%
Equatorial Guinea Christianity
75%
Georgia Christianity
75%
Namibia Christianity
75%
Republic of the Congo Christianity
75%
Samoa Christianity
75%
Sweden Christianity
75%
Vanuatu Christianity
75%
Pakistan Islam
75%
Turkmenistan Islam
75%
Iceland Christianity
74%
Palau Christianity
74%
Tonga Christianity
74%
Zimbabwe Christianity
74%
Egypt Islam
74%
Turkey Islam
74%
Armenia Christianity
73%
Kiribati Christianity
73%
Lesotho Christianity
73%
Rwanda Christianity
73%
Morocco Islam
73%
Oman Islam
73%
Israel Judaism
73%
Democratic Republic of the Congo Christianity
72%
Federated States of Micronesia Christianity
72%
Fiji Christianity
72%
Gabon Christianity
72%
Mozambique Christianity
72%
Tanzania Christianity
72%
Tuvalu Christianity
72%
Jordan Islam
72%
Sudan Islam
72%
Tunisia Islam
72%
Suriname Christianity
71%
Uganda Christianity
71%
Kuwait Islam
71%
Tajikistan Islam
71%
Algeria Islam
70%
Uzbekistan Islam
70%
Ethiopia Christianity
69%
Ghana Christianity
69%
Bahrain Islam
69%
Kyrgyzstan Islam
69%
Libya Islam
69%
Somalia Islam
69%
Cameroon Christianity
68%
Azerbaijan Islam
68%
Indonesia Islam
68%
Kazakhstan Islam
68%
Burundi Christianity
67%
Central African Republic Christianity
67%
Eswatini Christianity
67%
Madagascar Christianity
67%
Malawi Christianity
67%
Liberia Christianity
66%
North Korea *Irreligion
66%
Thailand Buddhism
65%
East Timor Christianity
64%
Lebanon Islam
64%
Benin Christianity
63%
Seychelles Christianity
63%
Togo Christianity
63%
Bangladesh Islam
63%
Mauritania Islam
63%
Papua New Guinea Christianity
62%
Laos Buddhism
60%
Malaysia Islam
60%
Mali Islam
60%
Niger Islam
60%
Chad Islam
59%
Cambodia Buddhism
58%
Albania Islam
58%
Djibouti Islam
57%
Myanmar Buddhism
56%
Nigeria Christianity
56%
South Sudan Christianity
56%
Bhutan Buddhism
53%
Maldives Islam
53%
Brunei Islam
51%
Kosovo Islam
51%
Senegal Islam
51%
Eritrea Christianity
49%
China *Irreligion
48%
Bosnia and Herzegovina Islam
47%
Burkina Faso Islam
47%
Comoros Islam
44%
Mongolia Buddhism
42%
Sri Lanka Buddhism
41%
Nepal Hinduism
40%
Gambia Islam
37%
Guinea Islam
36%
Sierra Leone Islam
33%
Guinea-Bissau Islam
32%
Singapore Buddhism
29%
South Korea *Irreligion
29%
Mauritius Hinduism
27%
Japan *Irreligion
27%
Czech Republic *Irreligion
26%
Ivory Coast Islam
24%
Estonia *Irreligion
20%
Vietnam Folk Religions
16%
Taiwan Folk Religions
14%
Netherlands *Irreligion
13%
New Zealand *Irreligion
12%
No matching quizzes found
Score Distribution
Percent of People with Each Score
Percentile by Number Answered
Your Score History
You have not taken this quiz